| 000 | 01143cam a22003377a 4500 | ||
|---|---|---|---|
| 003 | CHAP | ||
| 005 | 20220329141302.0 | ||
| 008 | 120110s2010 mx r 00010 spa d | ||
| 010 | _a65772 | ||
| 011 | _a66744 | ||
| 020 | _a9708300160 | ||
| 035 | _a75650 | ||
| 040 | _cCHAP | ||
| 082 | 0 | 4 |
_a574.192 _bC31 2010 |
| 100 | 0 | 0 |
_aCampbell, Mary. _917971 |
| 245 | 1 | 0 |
_aBioquímica _c/por Mary K. Campbell y Shawn O. Farrell |
| 250 | _a6 ed. | ||
| 260 |
_aMéxico : _bCengage Learning, _c2010 |
||
| 300 | _a818 p. | ||
| 534 |
_pTít. original : _tBiochemistry |
||
| 590 |
_aBATCH-UPD _b10 _c20130110 _lUCH01 _h0155 |
||
| 590 |
_aBATCH-UPD _b10 _c20130110 _lUCH01 _h2045 |
||
| 590 |
_aBATCH-UPD _b10 _c20130410 _lUCH01 _h1359 |
||
| 590 |
_aBATCH-UPD _b10 _c20130914 _lUCH01 _h0644 |
||
| 590 |
_aCONVERSION _b10 _c20130109 _lUCH01 _h1336 |
||
| 650 | 1 | 4 |
_aBioquímica. _912849 |
| 700 | 1 |
_aFarrell, Shawn O. _939806 |
|
| 901 | _aBK | ||
| 942 | _cLIBRO | ||
| 949 |
_a574.192 C31 2010 _bBC _cLIBRO _d-8600 _eLIBRO _gSustituciØn _h99646 Sust. _i75650 _mEste ejemplar sustituye a la copia 3 del bib. 85277 con tŁtulo BioquŁmica fundamental / Eric Conn [et al.] _st |
||
| 999 |
_c65772 _d65772 |
||